| 000 | 00594cam a22002171 4500 | ||
|---|---|---|---|
| 001 | sa 67003781 | ||
| 003 | DLC | ||
| 005 | 20260227112341.0 | ||
| 008 | 891121s1966 ii a 000 0 hin | ||
| 010 | _asa 67003781 | ||
| 035 | _a(OCoLC)20682995 | ||
| 040 |
_aDLC _cNRU _dDLC |
||
| 042 | _apremarc | ||
| 050 | 0 | 0 |
_aPK1931 _b.T33 |
| 100 | 1 | _aTandon, Vishwanath. | |
| 245 | 1 | 0 |
_aAcchī-Hindī. _c[Lekhaka] Viśvanātha Ṭanḍana. |
| 250 | _a[1. Saṃskaraṇa] | ||
| 260 |
_aLakhanaū, _bRāmā Prakāśana _c[1966] |
||
| 300 |
_a2 v. (vii, 724 p.) _billus. _c24 cm. |
||
| 500 | _aIn Hindi. | ||
| 999 |
_c74064 _d74064 |
||